00929 2200313 4500001002100000005001500021035002000036007000300056008004100059020002200100040002200122082001500144084001700159090002200176100002500198245005000223250003500273300004300308440002500351650003600376700003100412850001200443264004200455336002100497337003000518338002300548999002200571990002200593INLIS00000000088746420240611104646 a0010-0624000366ta240611s2024 yoia a ind d a978-623-164-599-9 aYOPDYOGbinderda04223a152.46 a152.46 ADA t aCB-D.11 2024-10260 aAdamcKakepengarang10aTakut /cKak Adam; penyunting, Arif Ishartadi aCetakan pertama, Februari 2024 a30 halaman :bgambar berwarna ;c20 cm aSeri belajar emosiku 4aKetakutan--xBacaan kanak-kanak0 aArif Ishartadiepenyunting aYOPDYOG31aBantul :bAnak Hebat Indonesia,c2024 2rdacontentateks 2rdamediaatanpa perantara 2rdacarrieravolume aCB-D.11/2024-1026 aCB-D.11/2024-1026